banner-ar

CATALOGUE GENERAL DES ANTIQUITES EGYPTIENNES DU MUSEE DU CAIRE DENKMALRDES ALTEN REICHES III / (Record no. 16938)

MARC details
000 -الفاتح
حقل البيانات ثابتة الطول 00554nam a2200181Ia 4500
008 - عناصر البيانات ثابتة الطول - معلومات عامة
حقل البيانات ثابتة الطول 140319s9999 xx 000 0 eng d
040 ## - مصدر الفهرسة
وكالة الفهرسة الأصلية GCL /
وكالة النسخ GCL
082 04 - رقم تصنيف ديوى العشرى
رقم التصنيف CC
رقم المادة 932
-- M C
100 1# - المدخل الرئيسى - إسم شخصى
الإسم الشخصى MORET, ALEXANDRE
245 10 - بيان العنوان
العنوان CATALOGUE GENERAL DES ANTIQUITES EGYPTIENNES DU MUSEE DU CAIRE DENKMALRDES ALTEN REICHES III /
بيان المسئوليه,etc MORET, ALEXANDRE
260 ## - PUBLICATION, DISTRIBUTION, ETC. (IMPRINT)
تاريخ النشر أو التوزيع 1978
300 ## - الوصف المادى
التعداد 25+PLATES
650 04 - المدخل الاضافى بالموضوع-مصطلح موضوعى
مصطلح موضوعي ANCIENT EGYPT
650 04 - المدخل الاضافى بالموضوع-مصطلح موضوعى
مصطلح موضوعي ARCHAEOLOGY
650 04 - المدخل الاضافى بالموضوع-مصطلح موضوعى
مصطلح موضوعي EGYPT, MUSEUMS
942 ## - عناصر المدخل الإضافي( كوها)
مصدر التصنيف او مخطط الترفيف Dewey Decimal Classification
Koha [default] item type كتاب
260 ## - PUBLICATION, DISTRIBUTION, ETC. (IMPRINT)
-- [S.N] :
-- SERVICE DES ANTIQUITES DE L'EGYPTE ،
Holdings
حالة التراجع حالة الفقد حالة تلف ليس للاعارة المكان المؤقت الموقع الحالى تاريخ الاكتساب اجمالي اﻻعارات رقم الطلب الباركود تاريخ اخر مشاهدة تاريخ تفعيل السعر نوع وعاء كوها
        مكتبة القاهرة الكبرى مكتبة القاهرة الكبرى 03/26/2014   CC\932\M C 30584 03/26/2014 03/26/2014 كتاب

Powered By

EGPV